000 01537nam a2200241 a 4500
008 090311s2006 ||||||||||||||||| || u
020 _a9781853396403
050 _aHC 79.P6 Loc
100 _aLockwood, Matthew
245 1 4 _aThe state they're in: an agenda for international action on poverty in Africa.-- 2nd ed.
_cMatthew Lockwood
250 _a2nd ed.
260 _aWarwickshire
_bPractical Action Publishing
_c2006
300 _axiv, 194p.
350 _a29.95
650 0 _aECONOMICS
650 _aPOVERTY--AFRICA
995 _aANNEX COLLECTION (Main Library)
_e744973
_FCBU-MAIN LIBRARY (Kitwe)
_I29.95
_jHC 79.P6 Loc
_M5
_UAVAILABLE
_WMar 24, 2015
_y744973
_ZAnnex Low-Usage Collection
995 _aMAIN LIBRARY OPEN ACCESS
_e744972
_FCBU-MAIN LIBRARY (Kitwe)
_I29.95
_jHC 79.P6 Loc
_M4
_UAVAILABLE
_WMar 24, 2015
_y744972
_ZMain Library Open Access Collection
995 _aANNEX COLLECTION (Main Library)
_e744974
_FCBU-MAIN LIBRARY (Kitwe)
_I29.95
_jHC 79.P6 Loc
_M6
_UAVAILABLE
_WMar 24, 2015
_y744974
_ZAnnex Low-Usage Collection
995 _aMAIN LIBRARY OPEN ACCESS
_e744970
_FCBU-MAIN LIBRARY (Kitwe)
_I29.95
_jHC 79.P6 Loc
_M2
_UAVAILABLE
_WMar 24, 2015
_y744970
_ZMain Library Open Access Collection
995 _aANNEX COLLECTION (Main Library)
_D0.00
_e739412
_FCBU-MAIN LIBRARY (Kitwe)
_H1
_I0.00
_jHC 79.P6 Loc
_M1
_UAVAILABLE
_WMar 11, 2009
_y739412
_ZAnnex Low-Usage Collection
995 _aANNEX COLLECTION (Main Library)
_e744971
_FCBU-MAIN LIBRARY (Kitwe)
_I29.95
_jHC 79.P6 Loc
_M3
_UAVAILABLE
_WMar 24, 2015
_y744971
_ZAnnex Low-Usage Collection
999 _c76759
_d76759